[Event "Leiden SB-ch"]
[Site "Leiden"]
[Date "2007.05.15"]
[Round "1"]
[White "Leeuwenburgh, Evert"]
[Black "De Waard, Ad"]
[Result "1-0"]
[WhiteElo "1924"]
[BlackElo "1411"]
[PlyCount "45"]
[EventDate "2007.05.15"]
[EventType "swiss"]
[EventRounds "7"]
[EventCountry "NED"]
[SourceTitle "EXT 2012"]
[Source "ChessBase"]
[SourceDate "2011.11.24"]
[SourceVersion "1"]
[SourceVersionDate "2011.11.24"]
[SourceQuality "1"]

1. e4 d6 2. d4 Nf6 3. Nc3 g6 4. f4 Bg7 5. Nf3 c5 6. d5 a6 7. a4 0-0 8. Be2 Nfd7 9. 0-0 e5 10. dxe6 Nf6 11. exf7+ Kh8 12. e5 dxe5 13. Qxd8 Rxd8 14. fxe5 Ng4 15. h3 Nh6 16. Bc4 Rd7 17. e6 Re7 18. Ne5 Nc6 19. Nxc6 Bxe6 20. Nxe7 Bxc4 21. f8Q+ Bxf8 22. Rxf8+ Rxf8 23. Bxh6 1-0

[Event "Leiden SB-ch"]
[Site "Leiden"]
[Date "2002.06.11"]
[Round "4"]
[White "De Waard, Ad"]
[Black "Van Dijk, Rens"]
[Result "0-1"]
[WhiteElo "1331"]
[BlackElo "1517"]
[PlyCount "74"]
[EventDate "2002.05.21"]
[EventType "swiss"]
[EventRounds "7"]
[EventCountry "NED"]
[SourceTitle "EXT 2003"]
[Source "ChessBase"]
[SourceDate "2002.11.25"]
[SourceVersion "1"]
[SourceVersionDate "2002.11.25"]
[SourceQuality "1"]

1. e4 c5 2. c3 e5 3. Nf3 d6 4. d4 exd4 5. cxd4 cxd4 6. Nxd4 Nf6 7. Nc3 Be7 8. Bc4 0-0 9. 0-0 a6 10. Re1 Qc7 11. Bb3 Nbd7 12. Nf5 Nc5 13. Nxe7+ Qxe7 14. Bc2 h6 15. Bf4 Rd8 16. Qe2 b5 17. Rad1 Bg4 18. f3 Be6 19. Rd2 b4 20. Nd5 Bxd5 21. exd5 Qa7 22. Be3 Re8 23. Qf2 Rac8 24. Kh1 Qb7 25. Qg3 Nxd5 26. Rde2 Nxe3 27. Rxe3 Rxe3 28. Rxe3 Qc7 29. Qe1 g5 30. Re8+ Rxe8 31. Qxe8+ Kg7 32. Qe1 a5 33. a3 b3 34. Qc3+ f6 35. Bxb3 Qb7 36. Bc2 Qa6 37. Qd2 Qf1# 0-1